|
|
|
|
| LEADER |
00000nam0a2200000 4500 |
| 001 |
87598 |
| 005 |
20231101213542.0 |
| 035 |
|
|
|a (RuTPU)RU\TPU\book\94033
|
| 090 |
|
|
|a 87598
|
| 100 |
|
|
|a 20111018d1980 k y0rusy50 ca
|
| 101 |
0 |
|
|a rus
|
| 102 |
|
|
|a UA
|
| 105 |
|
|
|a a z 000zy
|
| 200 |
1 |
|
|a Остаточные деформации грунтов в строительстве
|e [монография]
|f Ю. М. Гусев
|
| 210 |
|
|
|a Киев
|a Донецк
|c Вища школа
|d 1980
|
| 215 |
|
|
|a 86 с.
|c ил.
|
| 320 |
|
|
|a Библиография: с. 83-85
|
| 606 |
1 |
|
|a Грунты
|x Деформация
|2 stltpush
|3 (RuTPU)RU\TPU\subj\8789
|9 36129
|
| 610 |
1 |
|
|a основания
|
| 610 |
1 |
|
|a деформируемость
|
| 610 |
1 |
|
|a фундаменты
|
| 610 |
1 |
|
|a взаимодействие
|
| 610 |
1 |
|
|a контактные задачи
|
| 610 |
1 |
|
|a жесткие фундаменты
|
| 610 |
1 |
|
|a крен
|
| 610 |
1 |
|
|a монографии
|
| 675 |
|
|
|a 624.131.54
|v 4
|
| 700 |
|
1 |
|a Гусев
|b Ю. М.
|g Юрий Михайлович
|
| 801 |
|
1 |
|a RU
|b 63413507
|c 20051212
|g PSBO
|
| 801 |
|
2 |
|a RU
|b 63413507
|c 20210413
|g PSBO
|
| 942 |
|
|
|c BK
|